|
|
|
|
| LEADER |
00000nam a22000007a 4500 |
| 005 |
20110906101314.0 |
| 008 |
110906t2010 mx ||||s|||| 00| 0 spa d |
| 020 |
|
|
|a 978-607-7603-64-1
|
| 035 |
|
|
|a 5513
|
| 040 |
|
|
|a vLex
|
| 090 |
|
|
|c 2380
|d 2380
|
| 100 |
1 |
|
|a Romero , Jorge Javier
|
| 245 |
1 |
4 |
|a Las instituciones polt̕icas
|h [Recurso electrn̤ico] /
|c Jorge Javier Romero
|
| 256 |
|
|
|a Servicio en ln̕ea.
|
| 260 |
|
|
|a [Mx̌ico] :
|b Nostra Ediciones,
|c 2010.
|
| 300 |
|
|
|a 1 recurso electrn̤ico
|
| 500 |
|
|
|a Toda comunidad humana genera instituciones, pues gracias a ellas se establecen los mecanismos que regulan la convivencia social. En el caso de la convivencia polt̕ica, el Estado es el principal encargado de imponer las reglas del juego social. De ah ̕que para comprender dichas reglas sea necesario conocer cm̤o se construy ̤el Estado y cul̀ ha sido la lg̤ica de su intervencin̤ en distintos momentos de la historia.
|
| 506 |
1 |
|
|a Contenido solo disponible en los productos indicados
|d vLex Global
|d vLex Global (Academic Edition, excluding Law Schools)
|d vLex Global (U.S. Academic Edition, Law Schools)
|d vLex Global (U.S. Academic Edition, excluding Law Schools)
|d vLex Global (Academic Edition, Law Schools)
|
| 650 |
0 |
4 |
|a Instituciones polt̕icas
|z Mx̌ico
|
| 740 |
0 |
|
|a vLex Libros (Servicio en ln̕ea)
|
| 856 |
4 |
0 |
|u http://vlex.com/source/instituciones-politicas-5513
|z Acceso restringido
|
| 942 |
|
|
|c BOOK
|